U.S. & USSR On the Same Side - Statistics

General Stats
  • This quiz has been taken 59 times
    49 since last reset
  • The average score is 4 of 6
Answer Stats
Question Answer % Correct
In this war against Imperial Japan, both the U.S. and USSR provided extensive support to this Asian country.
China
94%
During this civil war (1967–1970), the U.S. and USSR both backed the government against the Biafran separatists seeking independence.
Nigeria
87%
During this war (1956), both the U.S. and USSR opposed the actions of the UK, France, and Israel against an Arab country.
Egypt
84%
In this 20th-century European conflict, the U.S. and USSR supported the partisans fighting against Axis occupation.
Yugoslavia
65%
In 1990, both the U.S. and USSR supported a large-scale military intervention in the Persian Gulf to expel an invading nation that had occupied a small, oil-rich country, partly due to its failure to pay off war debts from the Iran-Iraq War and its threat to regional stability.
Kuwait
35%
In the Iran–Iraq War (1980–1988), both the U.S. and USSR indirectly supported this country, with the USSR backing its government and the U.S. providing covert support.
Iraq
32%
No matching quizzes found
Score Distribution
Percent of People with Each Score
Percentile by Number Answered
Your Score History
You have not taken this quiz since the last reset